Analysis of the Foreign Trade in Slovakia

Otvorenosť ekonomiky Slovenska a intenzita dopadov krízy na jej výkonnosť. Analýza otvorenosti ekonomiky SR oproti krajinám V4 a krajinám EÚ. Teritoriálna a komoditná štruktúra ZO SR. Politika ZO SR a EÚ.

Gespeichert in:
Bibliographische Detailangaben
1. Verfasser: Brinčíková, Zuzana, 1979-
Weitere Verfasser: Darmo, Ľubomír, 1984-
Format: Buchkapitel
Sprache:Englisch
Schlagworte:
Tags: Tag hinzufügen
Keine Tags, Fügen Sie das erste Tag hinzu!

MARC

LEADER 00000naa$a2200000$$$4500
001 0193381
005 20240502083449.0
041 0 |a eng 
044 |a BG 
245 1 0 |a Analysis of the Foreign Trade in Slovakia  |c Zuzana Brinčíková, Ľubomír Darmo 
520 |a Otvorenosť ekonomiky Slovenska a intenzita dopadov krízy na jej výkonnosť. Analýza otvorenosti ekonomiky SR oproti krajinám V4 a krajinám EÚ. Teritoriálna a komoditná štruktúra ZO SR. Politika ZO SR a EÚ. 
610 2 0 |a obchod zahraničný 
610 2 0 |a výkonnosť ekonomiky 
610 2 0 |a hospodárstvo otvorené 
610 2 0 |a kríza hospodárska 
100 1 |a Brinčíková, Zuzana, 1979- 
700 1 |a Darmo, Ľubomír, 1984-